The Newborn Child

Bibliographic Details
Main Author: Johnston, Peter G.B
Format: Book
Published: Edinburgh : Churchill Livingstone , 1994
Edition:7th.ed
Subjects:

MARC

LEADER 00000cam a2200000 7i4500
001 0000017787
002 000019377
005 20000330.0
020 |a 0443057885 
090 0 0 |a 613.9201   |b JOH 
100 1 |a Johnston, Peter G.B 
245 1 4 |a The Newborn Child   |c Peter G.B. Johnston 
250 |a 7th.ed 
260 |a Edinburgh :   |b Churchill Livingstone ,   |c 1994 
300 |a 201p. ;   |c 25cm. 
650 0 0 |a Infants (Newborn)   |x Care 
650 0 0 |a Infants (Newborn)   |x Diseases 
999 |a 00069617   |b BUKU   |c PINJAMAN   |e PERPUSTAKAAN KOMUNITI PETALING JAYA